Lanean...
Census of India 2001 Series 1, Tables on Houses,Household aminities
| Formatua: | Printed Book |
|---|---|
| Argitaratua: |
India, Registrar General & Census Commissioner
2001
|
| LEADER | 004770000a22001210004500 | ||
|---|---|---|---|
| 082 | |a 312 REG | ||
| 245 | |a Census of India 2001 Series 1, Tables on Houses,Household aminities | ||
| 260 | |a India, Registrar General & Census Commissioner | ||
| 260 | |c 2001 | ||
| 310 | |a Registrar General & Census Commissioner India |e IN |g Publisher | ||
| 942 | |c BK | ||
| 999 | |c 177545 |d 177541 | ||
| 952 | |0 0 |1 0 |4 0 |6 312_000000000000000_REG |7 0 |9 175984 |a SES |b SES |d 2019-05-16 |l 0 |o 312 REG |p SES01628 |r 2019-05-16 |w 2019-05-16 |y BK | ||